000 00760nab a2200217u 4500
001 19365
003 HDC
007 c| |||a|c|aaaa
008 210226b20120418my ||||o |||| 00| 0 eng d
040 _aHDC
245 0 _aUAE: Al Islami Showcases Real Halal Concept at Dubai Peace Convention Bazaar
336 _atext
_2rdacontent
337 _acomputer
_2rdamedia
338 _aonline resource
_2rdacarrier
650 _aDubai International Convention and Exhibition Centre.
_917800
650 _aReal Halal food
_917799
856 _zRequest full-text at [email protected]
942 _2lcc
942 _cNEWS
942 _kNWS0 003528
999 _c16681
_d16681